000 01088nam1a22002891i 4500
001 v19\rc\1802137
005 20240726091301.0
035 _a(NLR Aleph) 005251967
090 _a5813195
_c5813195
100 _a20071130d1907 |||y0rusy50 ca
101 0 _arus
102 _aRU
105 _a z |||||
200 1 _aМатериалы по каменноугольной флоре Донецкого бассейна
_eI-II
_f[М.Д. Залесский]
210 _aСанкт-Петербург
_cГеол. ком.
_d1907
215 _a2 т.
_d24
300 _aЗагл. на рус. и фр. яз.
309 _aБез тит. л. и обл.
532 1 3 _aМатериалы по каменноугольной флоре Донецкого бассейна
700 1 _aЗалесский
_bМ.Д.
_f1877-1946
_gМихаил Дмитриевич
801 0 _aRU
_bNLR
_c20071130
_gpsbo
801 0 _aRU
_bRuMoRGB
_c20071130
_2psbo
801 1 _aRU
_bProSoft-M
_c20071130
_2rusmarc
801 2 _aRU
_bNLR
_c20081212
_2rusmarc
852 _aNLR
_j34.52.5.626
942 _cBOOK